| 000 | 00500nam a2200193Ia 4500 | ||
|---|---|---|---|
| 003 | IT-RoPAU | ||
| 005 | 20220918175648.0 | ||
| 008 | 120407s9999 xx 000 0 und d | ||
| 040 | _aIT-RoPAU | ||
| 040 | _cIT-RoPAU | ||
| 041 | _aita | ||
| 100 |
_aEugenio Fornasari _9723 |
||
| 245 | _aGridatelo sui tetti. Lezione dei Vangeli Festivi interpretati su “Famiglia Cristiana" | ||
| 300 | _c18 cm | ||
| 490 | _aI libri di Famiglia Cristiana | ||
| 490 | _v13 | ||
| 942 |
_cBK _2ddc |
||
| 999 |
_c23972 _d23972 |
||